| 000 | 00601nam a2200241Ia 4500 | ||
|---|---|---|---|
| 003 | OSt | ||
| 005 | 20220924151037.0 | ||
| 006 | a|||||r|||| 00| 0 | ||
| 007 | ta | ||
| 008 | 220923b |||||||| |||| 00| 0 tel d | ||
| 020 | _c36.00 | ||
| 024 | _a335765 | ||
| 037 | _cTextual | ||
| 040 |
_aARTS _cARTS _btel |
||
| 041 |
_2tel _atel |
||
| 082 | _aO35,3NGAN,4, N1 | ||
| 100 |
_aJagam _9223440 |
||
| 245 | 0 | _aPranaya prabandham | |
| 260 | _c1991 | ||
| 650 | _aTELUGU FICTION | ||
| 942 |
_hO35,3NGAN,4, N1 _cTEXL _2CC |
||
| 999 |
_c465339 _d465339 |
||